[Event "Titled Tuesday intern op 29th Mar Late"]
[Site "Chess.com INT"]
[Date "2022.03.29"]
[Round "4"]
[White "Guerrero Vargas, Andres Jesus"]
[Black "Ashiev, Eduard"]
[Result "1-0"]
[WhiteElo "2336"]
[BlackElo "2202"]
[PlyCount "81"]
[EventDate "2022.03.29"]
[EventType "swiss (blitz)"]
[EventRounds "11"]
[EventCountry "USA"]
[SourceTitle "CBM 207 Extra"]
[Source "ChessBase"]
[SourceDate "2022.05.31"]
[SourceVersion "1"]
[SourceVersionDate "2022.05.31"]
[SourceQuality "1"]

1. d4 d6 2. e4 g6 3. Nc3 Bg7 4. Be3 c6 5. Qd2 b5 6. Nf3 Bb7 7. h4 h5 8. Ng5 Nd7 9. 0-0-0 Ngf6 10. f3 b4 11. Bc4 d5 12. Nxd5 cxd5 13. exd5 Bxd5 14. Qxb4 Bxc4 15. Qxc4 0-0 16. g4 Nb6 17. Qe2 Qd5 18. b3 Rac8 19. gxh5 Nxh5 20. Rhg1 Qf5 21. Ne4 Nd5 22. Rg5 Nxe3 23. Rxf5 Nxf5 24. Qf2 Rfd8 25. c3 Nxd4 26. Kb2 Nf5 27. Rxd8+ Rxd8 28. Qxa7 Nf4 29. a4 Nxh4 30. a5 Nxf3 31. a6 Nd3+ 32. Ka3 f5 33. Qb7 fxe4 34. a7 Bf8 35. a8Q e5+ 36. b4 Rxa8+ 37. Qxa8 Ng5 38. Qd5+ Kh7 39. Qb7+ Bg7 40. Ka4 e3 41. Qh1+ 1-0

[Event "Malaga op 15th"]
[Site "Malaga"]
[Date "2021.11.01"]
[Round "7"]
[White "Guerrero Vargas, Andres Jesus"]
[Black "Rey Martinez, Jaime"]
[Result "0-1"]
[WhiteElo "2356"]
[BlackElo "2093"]
[PlyCount "66"]
[EventDate "2021.10.29"]
[EventType "swiss"]
[EventRounds "7"]
[EventCountry "ESP"]
[SourceTitle "CBM 204 Extra"]
[Source "ChessBase"]
[SourceDate "2021.11.30"]
[SourceVersion "1"]
[SourceVersionDate "2021.11.30"]
[SourceQuality "1"]

1. d4 d5 2. Bf4 Nf6 3. e3 e6 4. Nf3 c5 5. Nbd2 Nc6 6. c3 Bd6 7. Bg3 0-0 8. Bd3 Qe7 9. Ne5 Nd7 10. Nxd7 Qxd7 11. 0-0 f5 12. Bxd6 Qxd6 13. dxc5 Qxc5 14. c4 d4 15. Nb3 Qe5 16. exd4 Nxd4 17. Re1 Qf6 18. Nxd4 Qxd4 19. Qe2 e5 20. c5 e4 21. Bc4+ Kh8 22. b4 a5 23. Rad1 Qe5 24. f4 Qxf4 25. a3 Qe5 26. Rd6 axb4 27. axb4 Qc3 28. Rb1 Ra4 29. Rb3 Ra1+ 30. Kf2 Qc1 31. Kg3 Qg5+ 32. Kh3 f4+ 33. Be6 Qh6+ 0-1

[Event "Malaga op 15th"]
[Site "Malaga"]
[Date "2021.10.30"]
[Round "4"]
[White "Ledesma Claros, Daniel"]
[Black "Guerrero Vargas, Andres Jesus"]
[Result "0-1"]
[WhiteElo "2012"]
[BlackElo "2356"]
[PlyCount "92"]
[EventDate "2021.10.29"]
[EventType "swiss"]
[EventRounds "7"]
[EventCountry "ESP"]
[SourceTitle "CBM 204 Extra"]
[Source "ChessBase"]
[SourceDate "2021.11.30"]
[SourceVersion "1"]
[SourceVersionDate "2021.11.30"]
[SourceQuality "1"]

1. e4 c5 2. Nc3 Nc6 3. f4 g6 4. Nf3 Bg7 5. Bc4 e6 6. 0-0 Nge7 7. d3 d5 8. Bb3 0-0 9. Qe1 Na5 10. Bd2 b6 11. e5 Ba6 12. Ne2 Nec6 13. Rd1 Rb8 14. Be3 Nb4 15. Bd2 Nbc6 16. Be3 f6 17. Qg3 Qc7 18. Qh3 Rbe8 19. c3 Nxb3 20. axb3 Bh8 21. b4 cxb4 22. Ned4 Nxd4 23. Bxd4 bxc3 24. Bxc3 fxe5 25. Nxe5 Qc5+ 26. Kh1 d4 27. Nd7 Qf5 28. Bb4 Qxh3 29. gxh3 Rf5 30. Kg1 g5 31. fxg5 Rxg5+ 32. Kf2 Bb5 33. Rg1 h6 34. h4 Rxg1 35. Rxg1+ Kf7 36. Nf8 a5 37. Bd6 Rxf8 38. Bxf8 Kxf8 39. Ke2 Kf7 40. Rc1 Be5 41. h3 Bf4 42. Rc8 e5 43. Rc7+ Ke8 44. Rb7 e4 45. Rxb6 Bxd3+ 46. Ke1 e3 0-1

[Event "Malaga op 15th"]
[Site "Malaga"]
[Date "2021.10.29"]
[Round "2"]
[White "Guerrero Vargas, Andres Jesus"]
[Black "Garcia Fernandez, Victor"]
[Result "1-0"]
[WhiteElo "2356"]
[BlackElo "1981"]
[PlyCount "83"]
[EventDate "2021.10.29"]
[EventType "swiss"]
[EventRounds "7"]
[EventCountry "ESP"]
[SourceTitle "CBM 204 Extra"]
[Source "ChessBase"]
[SourceDate "2021.11.30"]
[SourceVersion "1"]
[SourceVersionDate "2021.11.30"]
[SourceQuality "1"]

1. d4 d5 2. Bf4 Nf6 3. e3 c5 4. Nf3 Nc6 5. Nbd2 cxd4 6. exd4 Bf5 7. Bb5 e6 8. Ne5 Qb6 9. c4 Rc8 10. 0-0 Qxd4 11. Qf3 Bb4 12. Nb3 Qe4 13. Qxe4 Bxe4 14. f3 dxc4 15. Nxc4 Bd5 16. Nd6+ Bxd6 17. Bxd6 a6 18. Be2 Rd8 19. Bc5 Bxb3 20. axb3 Rd5 21. b4 Nd7 22. Bc4 Rd2 23. b5 Nce5 24. bxa6 bxa6 25. Bb5 Rxb2 26. Ba4 Kd8 27. Rfd1 Rb7 28. f4 Nc4 29. Rd4 Ne3 30. Bxd7 Rxd7 31. Rxd7+ Kxd7 32. Bxe3 Ra8 33. Ra5 Kc6 34. Kf2 Kb7 35. Bd4 g6 36. Ke3 Rc8 37. Ra2 f5 38. Rb2+ Ka8 39. Rb6 Rc2 40. Rxa6+ Kb7 41. Rb6+ Kc7 42. Rb2 1-0

[Event "Madrid-chT 2021"]
[Site "Madrid"]
[Date "2021.03.27"]
[Round "6.2"]
[White "Pulvett Marin, Daniel Eduardo"]
[Black "Guerrero Vargas, Andres Jesus"]
[Result "1-0"]
[WhiteElo "2487"]
[BlackElo "2360"]
[PlyCount "63"]
[EventDate "2021.01.23"]
[EventType "team-tourn"]
[EventRounds "14"]
[EventCountry "ESP"]
[SourceTitle "EXT 2022"]
[Source "ChessBase"]
[SourceDate "2021.10.06"]
[SourceVersion "1"]
[SourceVersionDate "2021.10.06"]
[SourceQuality "1"]
[WhiteTeam "Collado Villalba"]
[BlackTeam "Villalba 64"]
[WhiteTeamCountry "ESP"]
[BlackTeamCountry "ESP"]

1. d4 e6 2. c4 Bb4+ 3. Bd2 Bxd2+ 4. Qxd2 Nf6 5. Nc3 0-0 6. Nf3 d5 7. e3 b6 8. cxd5 Nxd5 9. Rc1 Bb7 10. Be2 Nxc3 11. Qxc3 Qd5 12. 0-0 Nd7 13. Rfd1 Rac8 14. Ne1 Nf6 15. Bf3 Ne4 16. Qc2 Qf5 17. Nd3 c5 18. dxc5 bxc5 19. Qa4 Bd5 20. Nf4 Bc6 21. Qxa7 g5 22. Nh5 Nxf2 23. Kxf2 g4 24. Qxc5 Bd5 25. Qxc8 Qxh5 26. Rxd5 Qh4+ 27. g3 Qxh2+ 28. Bg2 Rxc8 29. Rg5+ Kf8 30. Rxc8+ Ke7 31. Rc7+ Kf6 32. Rxg4 1-0

[Event "Madrid-chT 1920 Honor"]
[Site "Madrid"]
[Date "2020.02.22"]
[Round "10.5"]
[White "Renteria Becerra, Jorge Elicer"]
[Black "Guerrero Vargas, Andres Jesus"]
[Result "0-1"]
[WhiteElo "2307"]
[BlackElo "2351"]
[PlyCount "130"]
[EventDate "2019.11.24"]
[EventType "team-tourn"]
[EventRounds "12"]
[EventCountry "ESP"]
[SourceTitle "EXT 2021"]
[Source "ChessBase"]
[SourceDate "2020.10.23"]
[SourceVersion "1"]
[SourceVersionDate "2020.10.23"]
[SourceQuality "1"]
[WhiteTeam "Blanco y Negro"]
[BlackTeam "Villalba 64"]
[WhiteTeamCountry "ESP"]
[BlackTeamCountry "ESP"]

1. e4 e5 2. Nf3 Nc6 3. Bc4 Nf6 4. d3 Bc5 5. c3 d6 6. 0-0 a6 7. Bb3 h6 8. Nbd2 Ba7 9. Re1 g5 10. Nc4 g4 11. Nfd2 h5 12. Nf1 h4 13. Be3 h3 14. g3 d5 15. Na3 d4 16. Bg5 Rh5 17. Bh4 Qe7 18. c4 Bd7 19. Ba4 Bc5 20. Nc2 b5 21. cxb5 Na7 22. b6 Bxa4 23. bxa7 Bb4 24. Nd2 Rxa7 25. b3 Bxd2 26. Qxd2 Bd7 27. Nb4 Qd6 28. Rac1 a5 29. Nc2 Nh7 30. b4 a4 31. Na3 Nf8 32. Rc5 Ng6 33. Rec1 Rxh4 34. gxh4 Nxh4 35. Qe2 Nf3+ 36. Kh1 Qh6 37. Rg1 Nxg1 38. Kxg1 Qf4 39. Nc2 Qg5 40. Ne1 Rb7 41. a3 Be6 42. Qc2 Bb3 43. Qc1 Qxc1 44. Rxc1 Kd7 45. f3 Rb8 46. Kf2 Rg8 47. fxg4 Rxg4 48. Rc5 Rf4+ 49. Kg3 Rf1 50. Rc1 Be6 51. Ra1 Kd6 52. Rc1 Kd7 53. Ra1 f5 54. Kxh3 Rg1 55. Kh4 f4 56. Nc2 Rg2 57. Rc1 Rxh2+ 58. Kg5 Ke7 59. Ne1 Rh1 60. Rxc7+ Kd6 61. Ra7 Rxe1 62. Kf6 Bc8 63. Rxa4 f3 64. Ra5 Kc7 65. Rc5+ Kb8 0-1

[Event "Madrid-chT 1920 Honor"]
[Site "Madrid"]
[Date "2019.11.24"]
[Round "1.4"]
[White "Guerrero Vargas, Andres Jesus"]
[Black "Ingunza Curro, Andres"]
[Result "1-0"]
[WhiteElo "2334"]
[BlackElo "2123"]
[PlyCount "65"]
[EventDate "2019.11.24"]
[EventType "team-tourn"]
[EventRounds "12"]
[EventCountry "ESP"]
[SourceTitle "EXT 2021"]
[Source "ChessBase"]
[SourceDate "2020.10.23"]
[SourceVersion "1"]
[SourceVersionDate "2020.10.23"]
[SourceQuality "1"]
[WhiteTeam "Villalba 64"]
[BlackTeam "Tajamar"]
[WhiteTeamCountry "ESP"]
[BlackTeamCountry "ESP"]

1. e4 e5 2. Nf3 Nc6 3. Nc3 Nf6 4. Bb5 Nd4 5. Bc4 c6 6. Nxe5 d5 7. exd5 cxd5 8. Bb5+ Nxb5 9. Nxb5 a6 10. Nd4 Bc5 11. Ndf3 0-0 12. d4 Be7 13. 0-0 Bf5 14. c3 Ne4 15. Ne1 f6 16. N5d3 Qb6 17. Nf4 Rfd8 18. Nc2 Bd6 19. Nxd5 Bxh2+ 20. Kxh2 Rxd5 21. Ne3 Qd6+ 22. Kg1 Be6 23. Nxd5 Bxd5 24. Re1 Rc8 25. Qg4 Qc6 26. c4 Qxc4 27. Rxe4 f5 28. Qxf5 Rf8 29. Qe5 Bxe4 30. Qxe4 Qf7 31. Be3 Re8 32. Qf3 Qxf3 33. gxf3 1-0

[Event "San Cristobal de La Laguna op 2nd"]
[Site "San Cristobal de la Laguna"]
[Date "2019.09.06"]
[Round "7"]
[White "Guerrero Vargas, Andres Jesus"]
[Black "Stiefel, Roland"]
[Result "1-0"]
[WhiteElo "2342"]
[BlackElo "2078"]
[PlyCount "83"]
[EventDate "2019.08.31"]
[EventType "swiss"]
[EventRounds "9"]
[EventCountry "ESP"]
[SourceTitle "EXT 2020"]
[Source "ChessBase"]
[SourceDate "2019.10.17"]
[SourceVersion "1"]
[SourceVersionDate "2019.10.17"]
[SourceQuality "1"]

1. e4 c5 2. Nf3 a6 3. c4 d6 4. d4 cxd4 5. Nxd4 e6 6. Nc3 Qc7 7. Be3 Nd7 8. Be2 Be7 9. g4 b6 10. g5 Bb7 11. h4 Nc5 12. f3 Bf8 13. Rc1 Ne7 14. Ndb5 axb5 15. Nxb5 Qd7 16. Nxd6+ Kd8 17. Nxf7+ Kc8 18. Nxh8 Nc6 19. Qxd7+ Kxd7 20. g6 Bd6 21. Nf7 Bg3+ 22. Bf2 Bxf2+ 23. Kxf2 hxg6 24. a3 Ke7 25. Ng5 Ne5 26. Ke3 Ned7 27. Nh3 e5 28. Rcg1 Kf6 29. Nf2 Ne6 30. Nd3 Rc8 31. Rc1 Rc6 32. Nb4 Rd6 33. Nd5+ Kf7 34. h5 Nd4 35. hxg6+ Rxg6 36. Rcg1 Rd6 37. Rh7 Ne6 38. f4 Bxd5 39. cxd5 exf4+ 40. Kf2 Nef8 41. Rgxg7+ Kf6 42. Rh6+ 1-0

[Event "San Cristobal de La Laguna op 2nd"]
[Site "San Cristobal de la Laguna"]
[Date "2019.09.04"]
[Round "5"]
[White "Petkov, Vladimir"]
[Black "Guerrero Vargas, Andres Jesus"]
[Result "1-0"]
[WhiteElo "2504"]
[BlackElo "2342"]
[PlyCount "65"]
[EventDate "2019.08.31"]
[EventType "swiss"]
[EventRounds "9"]
[EventCountry "ESP"]
[SourceTitle "EXT 2020"]
[Source "ChessBase"]
[SourceDate "2019.10.17"]
[SourceVersion "1"]
[SourceVersionDate "2019.10.17"]
[SourceQuality "1"]

1. d4 Nf6 2. Nf3 g6 3. c4 Bg7 4. Nc3 0-0 5. Bg5 c5 6. d5 d6 7. h3 e6 8. e3 h6 9. Bh4 Na6 10. Be2 Nc7 11. dxe6 Bxe6 12. 0-0 d5 13. Bg3 Rc8 14. Qb3 dxc4 15. Qxb7 Ncd5 16. Ne5 Nxc3 17. bxc3 Bd5 18. Qa6 Ne4 19. Bh2 Nxc3 20. Bg4 f5 21. Bf3 Qb6 22. Bxd5+ Nxd5 23. Qxc4 Qe6 24. Rad1 Bxe5 25. Bxe5 Qxe5 26. Rxd5 Qe6 27. Rc1 f4 28. exf4 Rb8 29. Rxc5 Qxc4 30. R1xc4 Rb1+ 31. Kh2 Rb2 32. Rc6 Rxf2 33. Kg3 1-0

[Event "Iberoamerican-ch 7th"]
[Site "Linares"]
[Date "2019.08.17"]
[Round "8"]
[White "Valenzuela Gomez, Fernando Alberto"]
[Black "Guerrero Vargas, Andres Jesus"]
[Result "1/2-1/2"]
[WhiteElo "2388"]
[BlackElo "2342"]
[PlyCount "114"]
[EventDate "2019.08.10"]
[EventType "swiss"]
[EventRounds "9"]
[EventCountry "ESP"]
[SourceTitle "CBM 191 Extra"]
[Source "ChessBase"]
[SourceDate "2019.09.30"]
[SourceVersion "1"]
[SourceVersionDate "2019.09.30"]
[SourceQuality "1"]

1. d4 Nf6 2. c4 e6 3. Nc3 Bb4 4. Nf3 b6 5. e3 Bb7 6. Bd3 0-0 7. 0-0 d5 8. cxd5 exd5 9. Ne5 c5 10. Bd2 Nbd7 11. a3 Bxc3 12. Bxc3 Nxe5 13. dxe5 Ne4 14. Bxe4 dxe4 15. Qg4 Qe7 16. Rfd1 Rad8 17. Rd6 Bc8 18. Qf4 Rxd6 19. exd6 Qe6 20. h3 f6 21. Rd1 Rd8 22. Kh2 Ba6 23. f3 Bd3 24. fxe4 Qxe4 25. Qg3 Kf7 26. Rd2 c4 27. Rf2 Qe6 28. Kg1 Qxd6 29. Qh4 Qe6 30. Qg3 Qd6 31. Qh4 Re8 32. Bd4 Re6 33. Qh5+ Kg8 34. Qg4 h6 35. Qf3 Re4 36. Qh5 Qe7 37. Qd5+ Qe6 38. Qd8+ Kh7 39. Rf3 h5 40. Qb8 Qd7 41. Kh2 Rxd4 42. exd4 Qxd4 43. Qe8 Bg6 44. Qe2 b5 45. Qf2 Qe5+ 46. Kh1 a5 47. Qd2 Bd3 48. Re3 Qg5 49. Qf2 b4 50. axb4 axb4 51. b3 Qc5 52. Qd2 Bg6 53. bxc4 Qxc4 54. Qd1 Qf4 55. Qf3 Qc4 56. Qd1 Kh6 57. Rb3 Kh7 1/2-1/2

[Event "Iberoamerican-ch 7th"]
[Site "Linares"]
[Date "2019.08.16"]
[Round "7"]
[White "Guerrero Vargas, Andres Jesus"]
[Black "Garriga Cazorla, Pere"]
[Result "1/2-1/2"]
[WhiteElo "2342"]
[BlackElo "2495"]
[PlyCount "88"]
[EventDate "2019.08.10"]
[EventType "swiss"]
[EventRounds "9"]
[EventCountry "ESP"]
[SourceTitle "CBM 191 Extra"]
[Source "ChessBase"]
[SourceDate "2019.09.30"]
[SourceVersion "1"]
[SourceVersionDate "2019.09.30"]
[SourceQuality "1"]

1. e4 c5 2. Nf3 Nc6 3. c3 Nf6 4. e5 Nd5 5. Bc4 Nb6 6. Bb3 c4 7. Bc2 d6 8. exd6 e5 9. 0-0 Bxd6 10. d3 cxd3 11. Qxd3 Qe7 12. Ng5 Bd7 13. a4 f5 14. Bb3 e4 15. Qd1 Ne5 16. a5 Nbc4 17. f4 exf3 18. Nxf3 0-0-0 19. Bxc4 Nxc4 20. Bg5 Bc5+ 21. Kh1 Qe6 22. Nd4 Bxd4 23. cxd4 Bc6 24. Nc3 h6 25. d5 Rxd5 26. Nxd5 Bxd5 27. Qh5 Qe4 28. Qh3 Kd7 29. Rxf5 Kc6 30. Rf4 Qc2 31. Rxc4+ Bxc4 32. Rc1 Rf8 33. Qc8+ Rxc8 34. Rxc2 Kb5 35. Be3 a6 36. b3 Be6 37. Rxc8 Bxc8 38. Bd2 Be6 39. b4 Kc4 40. Kg1 Kd3 41. Bf4 g5 42. Bd6 Ke2 43. Bf8 h5 44. Be7 g4 1/2-1/2

[Event "Iberoamerican-ch 7th"]
[Site "Linares"]
[Date "2019.08.13"]
[Round "4"]
[White "Guerrero Vargas, Andres Jesus"]
[Black "Silva, Goncalo Nuno Neto"]
[Result "0-1"]
[WhiteElo "2342"]
[BlackElo "2085"]
[PlyCount "118"]
[EventDate "2019.08.10"]
[EventType "swiss"]
[EventRounds "9"]
[EventCountry "ESP"]
[SourceTitle "CBM 191 Extra"]
[Source "ChessBase"]
[SourceDate "2019.09.30"]
[SourceVersion "1"]
[SourceVersionDate "2019.09.30"]
[SourceQuality "1"]

1. e4 c5 2. Nc3 Nc6 3. Bb5 g6 4. Bxc6 dxc6 5. d3 Bg7 6. Be3 b6 7. Qd2 e5 8. Nge2 Nf6 9. Bh6 Bxh6 10. Qxh6 Ng4 11. Qd2 Be6 12. f3 Nf6 13. 0-0-0 Qe7 14. f4 Nd7 15. Rhf1 f6 16. f5 Bf7 17. g4 g5 18. Rh1 0-0-0 19. h4 h6 20. Rh2 Rhf8 21. b3 b5 22. Qe3 Nb6 23. hxg5 hxg5 24. Rh7 c4 25. dxc4 Rxd1+ 26. Kxd1 bxc4 27. Ke1 Kb8 28. Kf2 Qd6 29. Nc1 Bg8 30. Rh1 Qe7 31. a4 cxb3 32. cxb3 Rd8 33. a5 Nd7 34. Na4 Qb4 35. Rd1 Qxa5 36. Qd3 Kc8 37. Qd6 Nb8 38. Qxd8+ Qxd8 39. Rxd8+ Kxd8 40. Ke3 Kc7 41. Kd3 Kd6 42. Kc3 Bf7 43. Kb4 Na6+ 44. Kc3 Nc7 45. b4 Nb5+ 46. Kd3 Nd4 47. Nb2 c5 48. bxc5+ Kxc5 49. Kc3 a5 50. Ncd3+ Kb5 51. Nd1 a4 52. Ne3 a3 53. Nc1 Bg8 54. Nd1 Nf3 55. Ne3 a2 56. Kb2 Nd2 57. Nxa2 Bxa2 58. Kxa2 Kc5 59. Nd5 Nxe4 0-1

[Event "Iberoamerican-ch 7th"]
[Site "Linares"]
[Date "2019.08.12"]
[Round "3"]
[White "Castillo Gallego, Sergio"]
[Black "Guerrero Vargas, Andres Jesus"]
[Result "0-1"]
[WhiteElo "2203"]
[BlackElo "2342"]
[PlyCount "84"]
[EventDate "2019.08.10"]
[EventType "swiss"]
[EventRounds "9"]
[EventCountry "ESP"]
[SourceTitle "CBM 191 Extra"]
[Source "ChessBase"]
[SourceDate "2019.09.30"]
[SourceVersion "1"]
[SourceVersionDate "2019.09.30"]
[SourceQuality "1"]

1. e4 c5 2. Nf3 e6 3. d4 cxd4 4. Nxd4 Nc6 5. Nc3 Qc7 6. Qd3 Nf6 7. Ndb5 Qb8 8. Qg3 d6 9. Be3 a6 10. Nd4 Bd7 11. f4 b5 12. Bd3 Be7 13. 0-0 b4 14. Nce2 0-0 15. Rae1 Re8 16. Kh1 Qc7 17. Ng1 g6 18. Nh3 Nh5 19. Qf3 Bf6 20. Qf2 Nxd4 21. Bxd4 Bxd4 22. Qxd4 e5 23. fxe5 dxe5 24. Qc4 Qxc4 25. Bxc4 Be6 26. Bxe6 Rxe6 27. Ng5 Rf6 28. Nf3 Rc8 29. g4 Nf4 30. Nxe5 Rxc2 31. Rc1 Rxc1 32. Rxc1 Re6 33. Rc5 Rd6 34. h4 Ne6 35. Rc8+ Kg7 36. Ra8 Rd4 37. Rxa6 Rxe4 38. Ra5 h5 39. Kg2 hxg4 40. Kg3 Re3+ 41. Kg2 Nf4+ 42. Kf2 Rxe5 0-1